[Event "POL-ch U16 Girls"]
[Site "Szczyrk"]
[Date "2013.??.??"]
[Round "7"]
[White "Kozaczynska, Aleksandra"]
[Black "Gora, Antonina"]
[Result "0-1"]
[WhiteElo "1552"]
[BlackElo "1831"]
[PlyCount "72"]
[EventDate "2013.03.17"]
[EventType "swiss"]
[EventRounds "9"]
[EventCountry "POL"]
[SourceTitle "CBM 153 Extra"]
[Source "ChessBase"]
[SourceDate "2013.04.22"]
[SourceVersion "1"]
[SourceVersionDate "2013.04.22"]
[SourceQuality "1"]

1. e4 c5 2. Nf3 d6 3. d4 cxd4 4. Nxd4 Nf6 5. Nc3 a6 6. Bg5 e6 7. f4 Be7 8. Qf3 Qc7 9. 0-0-0 0-0 10. g4 Nc6 11. Nde2 Bd7 12. Bxf6 Bxf6 13. g5 Be7 14. h4 f6 15. Qh5 b5 16. Nd4 b4 17. Nce2 Rfc8 18. Bh3 f5 19. Rh2 b3 20. Nxb3 Ne5 21. Ned4 Ng4 22. Nxf5 exf5 23. exf5 Nxh2 24. Rd2 d5 25. g6 h6 26. f6 Bxf6 27. Qxd5+ Kh8 28. Bxd7 Rd8 29. Qe4 Rab8 30. Rxh2 Qxd7 31. Qf3 Qf5 32. h5 a5 33. a4 Rb4 34. Qe3 Rxf4 35. Nd2 Rf1+ 36. Nxf1 Qxf1+ 0-1